Historia de la guerra del Peloponeso
-д хадгалсан:
| Үндсэн зохиолч: | |
|---|---|
| Формат: | Ном |
| Хэл сонгох: | испани |
| Хэвлэсэн: |
Ciudad de México
Porrúa
1989
|
| Хэвлэл: | Cuarta edición |
| Цуврал: | Sepan cuántos,
290 |
| Нөхцлүүд: | |
| Шошгууд: |
Шошго нэмэх
Шошго байхгүй, Энэхүү баримтыг шошголох эхний хүн болох!
|
MARC
| LEADER | 00000nam a2200000 a 4500 | ||
|---|---|---|---|
| 001 | UCY2324 | ||
| 003 | CL-VaPUC | ||
| 005 | 20210604001546.0 | ||
| 008 | 941020e19890000MX |||||||||||||||||spa|d | ||
| 999 | |c 230764 |d 230762 | ||
| 040 | |c Pontificia Universidad Católica de Valparaíso | ||
| 082 | 0 | 4 | |a 938.05 TUC 1989 |2 21 |
| 100 | 0 | |a Tucídides |e author |9 330379 | |
| 245 | 1 | 0 | |a Historia de la guerra del Peloponeso |
| 250 | |a Cuarta edición | ||
| 260 | |a Ciudad de México |b Porrúa |c 1989 | ||
| 300 | |a 508 páginas | ||
| 490 | 0 | |a Sepan cuántos, |v 290 | |
| 583 | |a last modification |c 19941020 00:00:00 |k Rodrigo Vera | ||
| 650 | 0 | |a Historia |9 255047 | |
| 650 | 7 | |a GUERRA DEL PELOPONESO 431-404 AC |2 CL-VaPUC |9 330380 | |
| 651 | 0 | |a Grecia |9 265314 | |
| 942 | |c BK |2 ddc | ||
| 945 | |d 19941020 00:00:00 |a oaravena | ||
| 952 | |0 0 |1 0 |4 0 |6 938_050000000000000_TUC_1989 |7 0 |8 A |9 233285 |a BIBARQ |b BIBARQ |d 2019-11-15 |i 3027163 |o 938.05 TUC 1989 |p 3027163 |r 2025-01-20 |w 2019-11-15 |y BK |k ARQ | ||